| 000 | 00865nam a2200265 c 4500 | ||
|---|---|---|---|
| 001 | a5564058 | ||
| 003 | CO-ViMGA | ||
| 005 | 20230915233125.0 | ||
| 008 | 141030s2014 sp a | |||| 001 1 spa | ||
| 020 | _a9788416131006 | ||
| 040 |
_aCO-ViMGA _bspa _cCO-ViMGA |
||
| 041 | 1 | _hfre | |
| 082 | 0 | 4 |
_a741 _bL55c |
| 100 | 1 |
_aLong, Guillaume _d1977- _4aut _4art _92620 |
|
| 245 | 1 | 0 |
_aA comer y a beber : _bcon las manos en la masa _cGuillaume Long ; color, Celine Badaroux Denizon y Guillaume Long ; traducción, Regina López Muñoz |
| 250 | _a1a. ed. | ||
| 260 |
_aBarcelona _bSalamandra Graphic _c2014 |
||
| 300 |
_a125 p. _bprincipalmente il. col. y n. _c30 cm |
||
| 500 | _aEn el lomo: 2 | ||
| 500 | _aIndice | ||
| 650 | 1 | 7 |
_aCocina _vHistorietas _92622 |
| 650 | 1 | 7 |
_aCocina _vRecetas _2embne _92621 |
| 650 | 1 | 7 |
_aCocina _vTiras Comicas _2embne _92623 |
| 942 |
_2ddc _cBK |
||
| 999 |
_c35323 _d35323 |
||